[Event "Steinfurt Bezirksklasse 0809"]
[Site "Germany"]
[Date "2009.03.07"]
[Round "5.8"]
[White "Ehlert, Jan"]
[Black "Lerke, Stephanie"]
[Result "1-0"]
[WhiteElo "1519"]
[BlackElo "1145"]
[PlyCount "61"]
[EventDate "2008.09.13"]
[EventType "team-tourn"]
[EventRounds "7"]
[EventCountry "GER"]
[SourceTitle "EXT 2010"]
[Source "ChessBase"]
[SourceDate "2010.11.25"]
[SourceVersion "1"]
[SourceVersionDate "2010.11.25"]
[SourceQuality "1"]
[WhiteTeam "Ibbenbueren III"]
[BlackTeam "Nordwalde III"]
[WhiteTeamCountry "GER"]
[BlackTeamCountry "GER"]

1. d4 d5 2. e4 dxe4 3. Nc3 e6 4. Nxe4 Nf6 5. Bd3 Be7 6. Nf3 0-0 7. 0-0 Nxe4 8. Bxe4 c5 9. Re1 Nd7 10. d5 Nf6 11. c4 Rb8 12. Bf4 Bd6 13. Ne5 Nxe4 14. Rxe4 exd5 15. cxd5 Bf5 16. Re1 f6 17. Nd3 Bxd3 18. Bxd6 Qxd6 19. Qxd3 Rfe8 20. Rxe8+ Rxe8 21. Rd1 g6 22. g3 Kf7 23. Kf1 f5 24. f4 Re4 25. Re1 Rxe1+ 26. Kxe1 Qe7+ 27. Kd2 Qe4 28. Qxe4 fxe4 29. Ke3 Ke7 30. Kxe4 Kd6 31. g4 1-0

[Event "Steinfurt Bezirksklasse 0607"]
[Site "Germany"]
[Date "2006.10.28"]
[Round "2.6"]
[White "Schroerluecke, Dieter"]
[Black "Lerke, Stephanie"]
[Result "1/2-1/2"]
[WhiteElo "1275"]
[BlackElo "1176"]
[PlyCount "82"]
[EventDate "2006.09.30"]
[EventType "team-tourn"]
[EventRounds "7"]
[EventCountry "GER"]
[SourceTitle "EXT 2008"]
[Source "ChessBase"]
[SourceDate "2007.11.25"]
[SourceVersion "1"]
[SourceVersionDate "2007.11.25"]
[SourceQuality "1"]
[WhiteTeam "Ibbenbueren III"]
[BlackTeam "Nordwalde III"]
[WhiteTeamCountry "GER"]
[BlackTeamCountry "GER"]

1. e4 e5 2. Nf3 Nc6 3. Bb5 d6 4. Bxc6+ bxc6 5. h3 g6 6. d3 Bg7 7. Be3 Nf6 8. Qd2 h6 9. 0-0 Qe7 10. Qc3 Bb7 11. Qd2 d5 12. exd5 cxd5 13. Qe2 Nh5 14. Nh2 Bc8 15. c3 0-0 16. Re1 Re8 17. Bd4 c5 18. Be3 Kh7 19. Bd2 Bf6 20. Na3 Bg5 21. Bxg5 Qxg5 22. Qf3 Nf6 23. Nb5 e4 24. dxe4 dxe4 25. Qe3 Qe5 26. Rad1 Nd5 27. Qxc5 Nb6 28. Qxe5 Rxe5 29. Rd8 a6 30. Nd6 f5 31. Rd1 h5 32. Nxc8 Rxc8 33. Rxc8 Nxc8 34. Rd7+ Kh6 35. g4 h4 36. gxf5 gxf5 37. Kf1 Rb5 38. Rc7 Rb8 39. Rc6+ Kg5 40. Ke2 Rxb2+ 41. Ke3 Nb6 1/2-1/2

[Event "NRW-ch U16/18 Girls"]
[Site "Kranenburg"]
[Date "2005.04.01"]
[Round "6"]
[White "Lerke, Stephanie"]
[Black "Deeke, Doreen"]
[Result "1/2-1/2"]
[WhiteElo "1038"]
[BlackElo "919"]
[PlyCount "35"]
[EventDate "2005.03.28"]
[EventType "swiss"]
[EventRounds "7"]
[EventCountry "GER"]
[SourceTitle "CBM 105 Extra"]
[Source "ChessBase"]
[SourceDate "2005.05.01"]
[SourceVersion "1"]
[SourceVersionDate "2005.05.01"]
[SourceQuality "1"]

1. e4 b6 2. Bc4 e6 3. d3 Bb7 4. Nc3 Bb4 5. Nf3 Ne7 6. 0-0 0-0 7. Bf4 d5 8. Bb3 Nd7 9. e5 d4 10. Nxd4 Nc5 11. Nf3 Nxb3 12. axb3 Nd5 13. Nxd5 Qxd5 14. c3 Be7 15. c4 Qd8 16. d4 f6 17. Qe2 fxe5 18. Qxe5 1/2-1/2

[Event "NRW-ch U16/18 Girls"]
[Site "Kranenburg"]
[Date "2005.03.28"]
[Round "1"]
[White "Lerke, Stephanie"]
[Black "Kaehmann, Lisa"]
[Result "0-1"]
[WhiteElo "1038"]
[BlackElo "1520"]
[PlyCount "94"]
[EventDate "2005.03.28"]
[EventType "swiss"]
[EventRounds "7"]
[EventCountry "GER"]
[SourceTitle "CBM 105 Extra"]
[Source "ChessBase"]
[SourceDate "2005.05.01"]
[SourceVersion "1"]
[SourceVersionDate "2005.05.01"]
[SourceQuality "1"]

1. Nf3 d5 2. d4 Nf6 3. Bf4 Bf5 4. e3 e6 5. a3 Nbd7 6. c4 dxc4 7. Bxc4 Nb6 8. Bd3 Bxd3 9. Qxd3 Bd6 10. Ne5 0-0 11. 0-0 Nh5 12. Qe4 Nxf4 13. Qxf4 f6 14. Qe4 fxe5 15. dxe5 Be7 16. Qxb7 Qc8 17. Qc6 Qd7 18. Qc3 Rad8 19. Qb3 Qd5 20. Qxd5 Rxd5 21. Nc3 Rxe5 22. b4 Bf6 23. Rab1 Rh5 24. Ne4 Rd5 25. Nc5 Re8 26. Rfc1 Bd8 27. a4 Re7 28. a5 Nd7 29. Nb7 Ne5 30. Nc5 Nd3 31. Nxd3 Rxd3 32. Rc6 Red7 33. g3 Rd1+ 34. Rxd1 Rxd1+ 35. Kg2 Rd6 36. b5 Rxc6 37. bxc6 a6 38. Kf3 Kf7 39. e4 e5 40. g4 Be7 41. Kg3 Bb4 42. f4 exf4+ 43. Kxf4 Ke6 44. g5 Bxa5 45. h4 Bc3 46. Kg4 a5 47. Kh5 a4 0-1